000 01100cam a22003377a 4500
003 CHAP
005 20220329134409.0
008 971013s1977 r 00010 d
010 _a19908
011 _a20880
035 _a24969
040 _cCHAP
082 _a580
_bB65 1977
100 0 0 _aBold, Harold Charles.
_913490
245 1 4 _aThe plant kingdom
250 _a4 ed.
260 _aEnglewood Cliffs, N.J. :
_bPrentice-Hall,
_c1977
300 _a310 p.
_b: ilus.
490 0 _aFoundation of modern biology series
590 _aBATCH-UPD
_b10
_c20130110
_lUCH01
_h0059
590 _aBATCH-UPD
_b10
_c20130110
_lUCH01
_h1819
590 _aBATCH-UPD
_b10
_c20130410
_lUCH01
_h1153
590 _aBATCH-UPD
_b10
_c20130914
_lUCH01
_h0729
590 _aCONVERSION
_b10
_c20130109
_lUCH01
_h1312
650 1 4 _aBotánica.
_914477
830 0 _aFoundation of modern biology series
_942753
901 _aBK
942 _cLIBRO
949 _a580 B65 1977
_bBC
_cLIBRO
_d33724000424503
_eLIBRO
_fc.2
_h53400
_i24969
_si
_t455.00
949 _a580 B65 1977
_bBC
_cLIBRO
_d33724000424594
_eLIBRO
_h53399
_i24969
_si
_t455.00
999 _c19908
_d19908